| 000 | 00475pab a2200169 454500 | ||
|---|---|---|---|
| 008 | 180718b2009 xxu||||| |||| 00| 0 eng d | ||
| 100 | _aSanghera, Balihar | ||
| 245 | _aMoral sentiments and economic practices in Kyrgyzstan: the internal embeddedness of a moral economy | ||
| 260 | _c2009 | ||
| 300 | _ap.921-35. | ||
| 362 | _aSep | ||
| 650 | _aEconomics | ||
| 700 | _aSatyloaldieva, Elmira | ||
| 773 | _aCambridge Journal of Economics | ||
| 908 | _aN | ||
| 909 | _a83836 | ||
| 999 |
_c83836 _d83836 |
||